Detalles MARC
| 000 -LIDER |
| fixed length control field |
01838nam a2200433 a 4500 |
| 001 - NÚMERO DE CONTROL |
| Identificador de número de control |
000032095 |
| 003 - IDENTIFICACDOR DE NÚMERO DE CONTROL |
| control field |
DO-SdBNP |
| 005 - DATE AND TIME OF LATEST TRANSACTION |
| control field |
20180306085220.0 |
| 007 - CAMPOS FIJOS DE DESCRIPCIÓN FÍSICA |
| fixed length control field |
000032095 |
| 008 - ELEMENTOS DE LONGITUD FIJA |
| fixed length control field |
110712s2013 dr ac 000 0 spa d |
| 020 ## - ISBN |
| International Standard Book Number |
9789945495313 |
| 040 ## - FUENTE DE CATALOGACIÓN |
| Agencia que crea de manera original el registro |
BPMSU |
| Idioma de catalogación |
spa |
| Agencia que realiza la transcripción |
BPMSU |
| 082 04 - NÚMERO DE CLASIFICACIÓN DECIMAL DE DEWEY |
| Classification number |
372.6561 |
| Item number |
B862L 1ro. 2013 |
| 100 1# - ASIENTO PRINCIPAL -- NOMBRE PERSONAL |
| Nombre personal |
Brito, Ilda |
| 245 10 - MENCIÓN DE TITULO |
| Título |
Lengua española 1 : |
| Subtítulo |
[educación básica] / |
| Mención de responsabilidad |
Revisada y actualizada Ilda Brito, Karolyn Guzmán ; producción editorial María del Jesús de la Rosa ; ilustración Ramón Sandoval. |
| 260 ## - PUBLICACIÓN, DISTRIBUCIÓN, ETC. (PIE DE IMPRENTA) |
| Lugar de publicación, distribución, etc |
Santo Domingo : |
| Nombre del editor, distribuidor, etc. |
Actualidad Escolar |
| Fecha de publicación, distribución, etc |
2013. |
| 300 ## - DESCRIPCIÓN FÍSICA |
| Extensión |
2 v. : |
| Otros detalles físicos |
il., retrs. ; |
| Dimensiones |
28 cm. |
| 500 ## - NOTA GENERAL |
| Nota general |
Primer grado. Primer ciclo educación básica. |
| 500 ## - NOTA GENERAL |
| Nota general |
Texto original fue elaborado por Fiume Gómez |
| 500 ## - NOTA GENERAL |
| Nota general |
Edición revisada y actualizada al 2013 |
| 500 ## - NOTA GENERAL |
| Nota general |
Incluye el libro del maestro. |
| 504 ## - NOTA DE BIBLIOGRAFÍA, ETC. |
| Bibliography, etc |
Bibliografía: p. 192 |
| 505 0# - NOTA DE CONTENIDO |
| Información miscelánea |
Unidad 1 -- |
| Título |
A la escuela -- |
| Información miscelánea |
Unidad 2 -- |
| Título |
Mi familia -- |
| Información miscelánea |
Unidad 3 -- |
| Título |
Me relaciono -- |
| Información miscelánea |
Unidad 4 -- |
| Título |
Llegó la navidad -- |
| Información miscelánea |
Unidad 5 -- |
| Título |
Mi comunidad -- |
| Información miscelánea |
Unidad 6 -- |
| Título |
Todos trabajamos, por la patria -- |
| Información miscelánea |
Unidad 7 -- |
| Título |
Me comunico -- |
| 650 #4 - ENCABEZAMIENTO DE MATERIA--TEMÁTICO |
| Término temático o nombre geográfico como elemento de entrada |
ESPAÑOL |
| Subdivisión temática general |
ENSEÑANZA BÁSICA |
| 650 #4 - ENCABEZAMIENTO DE MATERIA--TEMÁTICO |
| Término temático o nombre geográfico como elemento de entrada |
ESPAÑOL |
| Subdivisión temática general |
EDUCACIÓN PRIMARIA |
| 650 #4 - ENCABEZAMIENTO DE MATERIA--TEMÁTICO |
| Término temático o nombre geográfico como elemento de entrada |
EDUCACIÓN PRIMARIA |
| Subdivisión geográfica |
REEPÚBLICA DOMINICANA |
| 650 #4 - ENCABEZAMIENTO DE MATERIA--TEMÁTICO |
| Término temático o nombre geográfico como elemento de entrada |
ESPAÑOL |
| Subdivisión temática general |
LIBROS DE TEXTOS |
| 650 #4 - ENCABEZAMIENTO DE MATERIA--TEMÁTICO |
| Término temático o nombre geográfico como elemento de entrada |
ESPAÑOL |
| Subdivisión temática general |
ESTUDIOS Y EJERCICIOS |
| 700 1# - ASIENTO SECUNDARIO -- NOMBRE PERSONAL |
| Nombre personal |
Guzmán, Karolyn |
| 700 1# - ASIENTO SECUNDARIO -- NOMBRE PERSONAL |
| Nombre personal |
Rosa, María del Jesús de la, |
| Mención de responsabilidad |
ed. |
| 700 1# - ASIENTO SECUNDARIO -- NOMBRE PERSONAL |
| Nombre personal |
Sandoval, Ramón, |
| Mención de responsabilidad |
il. |
| 700 1# - ASIENTO SECUNDARIO -- NOMBRE PERSONAL |
| Nombre personal |
Gómez, Fiume |
| Título de una obra |
Lengua española 1 |
| 700 12 - ASIENTO SECUNDARIO -- NOMBRE PERSONAL |
| Nombre personal |
Espinal, Daniel, |
| Mención de responsabilidad |
il. |
| 910 ## - VALIDACIÓN |
| Validación |
Validado. Control de calidad MFF |
| 942 ## - ADDED ENTRY ELEMENTS (KOHA) |
| Source of classification or shelving scheme |
Dewey Decimal Classification |
| Koha item type |
Libros |
| 945 ## - INFORMACIÓN DE PROCESAMIENTO LOCAL |
| Información de procesamiento local |
Remanejado para la BNPHU / 2018 VM |
| 956 ## - LOCAL ELECTRONIC LOCATION AND ACCESS (OCLC) |
| Nombre de host |
VMATEO |
| Número de acceso |
10 |
| Información de compresión |
20150813 |
| Inicio de sesión |
BPMSU |
| Procesador de solicitud |
00151 |
| 956 ## - LOCAL ELECTRONIC LOCATION AND ACCESS (OCLC) |
| Nombre de host |
LOPEREZ |
| Número de acceso |
10 |
| Información de compresión |
20160602 |
| Inicio de sesión |
BPMSU |
| Procesador de solicitud |
00041 |